University Home | Library Home | Institutional Repository

Look again/ (Record no. 205411)

MARC details
000 -LEADER
fixed length control field 00405nam a22001577a 4500
005 - DATE AND TIME OF LATEST TRANSACTION
control field 20201119085014.0
008 - FIXED-LENGTH DATA ELEMENTS--GENERAL INFORMATION
fixed length control field 201119b ||||| |||| 00| 0 eng d
040 ## - CATALOGING SOURCE
Transcribing agency lc
050 ## - LIBRARY OF CONGRESS CALL NUMBER
Classification number PR 9369 SCO 2009
245 ## - TITLE STATEMENT
Title Look again/
Statement of responsibility, etc. Lisa Scittoline
260 ## - PUBLICATION, DISTRIBUTION, ETC.
Place of publication, distribution, etc. New York:
Name of publisher, distributor, etc. St. Martin Press,
Date of publication, distribution, etc. 2009
300 ## - PHYSICAL DESCRIPTION
Extent 404 pages
650 ## - SUBJECT ADDED ENTRY--TOPICAL TERM
Topical term or geographic name entry element Kidnapping
Form subdivision Fiction
650 ## - SUBJECT ADDED ENTRY--TOPICAL TERM
Topical term or geographic name entry element Suspense fiction
999 ## -
-- 205411
-- 205411
942 ## - ADDED ENTRY ELEMENTS (KOHA)
Koha item type Book
Holdings
Withdrawn status Lost status Source of classification or shelving scheme Damaged status Not for loan Home library Current library Shelving location Date acquired Total Checkouts Full call number Barcode Date last seen Copy number Price effective from Koha item type
    Library of Congress Classification     Main Library Main Library On Shelf 11/19/2020   PR 9369 SCO 2009 33729004952821 11/19/2020 1 11/19/2020 Book
© 2026 - The University of Zambia Library - Koha v25.11